| 000 | 00514nam a2200157 a 4500 | ||
|---|---|---|---|
| 001 | 000038919 | ||
| 005 | 20201002031423.0 | ||
| 008 | 130506s2005 dr a 000 0 spa d | ||
| 040 |
_aDO-SdBNP _bspa _cBNPHU |
||
| 245 | 0 | 0 | _aAnálisis y cartografía de riesgos y vulnerabilidad en la República Dominicana. |
| 250 | _a2a ed. | ||
| 260 |
_aSanto Domingo : _bAkeru Publicaciones, _c2005. |
||
| 300 |
_a103 p. : _bils. ; _c29 cm. |
||
| 500 | _aIncluye notas al pie de las páginas | ||
| 504 | _aBibliografía : p. 99-100 | ||
| 999 |
_c38409 _d38409 |
||